000 00680nam a2200229 i 4500
001 12622
003 ES-MaACL
005 20250730063045.0
007 t|
008 921116s1980 sp |||| | baq d
020 _a84-271-1200-9
080 _a891.69-1"15"
100 1 _aDechepare, Bernard,
_dca. 1480-1545
_943164
245 1 0 _aLinguae vasconum primitiae /
_cBernard Etxepare ; Patxi Altunak paratua.
250 _aEd. kritikoa.
260 _aBilbao :
_bMensajero,
_c1980.
300 _a267 p. ;
_c24 cm.
650 4 _aLengua vasca-
_xHistoria.
_9154956
700 1 _aAltuna, Patxi,
_d1927-2006
_920563
852 _aES-MaACL
_jL-20059
999 _c12622
_d12622